Vista normal Vista MARC

Entrada Topical Term

Número de registros utilizados en: 2

001 - CONTROL NUMBER

  • control field: 63979

003 - CONTROL NUMBER IDENTIFIER

  • control field: OSt

005 - DATE AND TIME OF LATEST TRANSACTION

  • control field: 20250828143126.0

008 - FIXED-LENGTH DATA ELEMENTS

  • fixed length control field: 250828|| aca||aabn | a|a d

040 ## - CATALOGING SOURCE

  • Original cataloging agency: OSt
  • Transcribing agency: OSt

150 ## - HEADING--TOPICAL TERM

  • Topical term or geographic name entry element: Fabulas
  • Chronological subdivision: Siglo XIX

670 ## - SOURCE DATA FOUND

  • Source citation: Work cat.: (OSt)58781: Nazoa, Aquiles, 1920-1976 aut, Fábula de la avispa ahogada /









Instituto Departamental de Cultura del Meta - Red Departamental de Bibliotecas Públicas del Meta.